Horacio Capel : pensar la ciudad en tiempos de crisis /
Análisis crítico de la obra y pensamiento sobre lo urbano, del geógrafo español Horacio Capel, quien centró sus reflexiones en las ciudades como espacios públicos de morfología cambiante y sus costos sociales. Incluye una entrevista con el autor y un ensayo inédito sobre la problemática urbana.
Furkejuvvon:
| Váldodahkki: | |
|---|---|
| Eará dahkkit: | , |
| Materiálatiipa: | Girji |
| Giella: | espánnjágiella |
| Almmustuhtton: |
Barcelona, España :
Icaria,
2016, c2016
|
| Ráidu: | (Espacios Críticos ;
7) |
| Fáttát: | |
| Fáddágilkorat: |
Eai fáddágilkorat, Lasit vuosttaš fáddágilkora!
|
MARC
| LEADER | 00000nam^a2200000^a^4500 | ||
|---|---|---|---|
| 001 | 000391260 | ||
| 005 | 20250521000000.0 | ||
| 009 | 20260310121210.373 | ||
| 020 | |a 978-84-9888-718-1 | ||
| 037 | |a Acervo ITESO - Biblioteca | ||
| 041 | |a ESP | ||
| 082 | |a 711. |b CAP | ||
| 100 | |a Capel, Horacio |e (autor) | ||
| 245 | 1 | 0 | |a Horacio Capel : |b pensar la ciudad en tiempos de crisis / |c H. Capel ; ed. de N. Benach, A.F. Alessandri Carlos. |
| 264 | 4 | |a Barcelona, España : |b Icaria, |c 2016, c2016 | |
| 300 | |a 300 p. | ||
| 336 | |a texto |b txt |2 rdacontenido | ||
| 337 | |a sin mediación |b n |2 rdamedio | ||
| 338 | |a volumen |b nc |2 rdasoporte | ||
| 440 | 1 | |a (Espacios Críticos ; |v 7) | |
| 520 | |a Análisis crítico de la obra y pensamiento sobre lo urbano, del geógrafo español Horacio Capel, quien centró sus reflexiones en las ciudades como espacios públicos de morfología cambiante y sus costos sociales. Incluye una entrevista con el autor y un ensayo inédito sobre la problemática urbana. | ||
| 649 | |a XX | ||
| 650 | |a Geógrafos Españoles - |x Entrevistas | ||
| 650 | |a Espacio Urbano | ||
| 650 | |a Desarrollo Urbano | ||
| 650 | |a Geografía Urbana - |x Tema Principal | ||
| 650 | |a Problemas Sociales | ||
| 650 | |a Urbanismo - |z España | ||
| 650 | |a Capel, Horacio - |x Tema Principal | ||
| 700 | |a Benach, Núria |e (edición) | ||
| 700 | |a Alessandri Carlos, Ana Fani |e (edición) | ||
| 910 | |a Fondo General | ||
| 920 | |a Impresos - Libros | ||
| 930 | |a Colección General | ||
| 905 | |a 101 | ||
| 901 | |a 0500285936 |b IT1 |c ACC |i C153629 |u 20250521 | ||
| 902 | |a https://opac.biblio.iteso.mx/vufind/Record/000391260 | ||